000 00638nam a22002057a 4500
999 _c15928
_d15928
003 AR-CdUCM
008 190430b ||||| |||| 00| 0 spa d
040 _aMUNICIPALIDAD PROVINCIAL DEL CUSCO
_cBIBLIOTECA MUNICIPAL DEL CUSCO
082 _a839.87 /
_b B81
100 _aBrandés, George
_935168
245 _aJesús es un mito /
260 _aBuenos Aires :
_bClaridad,
_c1641.
300 _a121 páginas ;
_c19 cm.
440 _aColección claridad
_99379
505 _aContenido : Jesús es un mito.
650 _aReligión
_91195
700 _aMuñiz, Eloy (Traducción)
_935169
942 _2ddc
_cLIBROS
945 _arah
_d30/04/2019